000 00532nam a2200169 i 4500
001 57261
003 ES-MaACL
005 20230906163537.0
007 t|
008 031015s1909 sp ||||1| spa d
245 0 0 _aDocumentos relativos al concurso para la adjudicación de las obras navales aprobadas por la Ley de 7 de enero de 1908.
250 _a2ª ed.
260 _aMadrid :
_b[s.n.,
_c1908] (
_fImp. Ministerio de Marina)
300 _a536 p. :
_bmap. ;
_c23 cm.
852 _aES-MaACL
_jD-1122
852 _aES-MaACL
_jF-4034
999 _c57261
_d57261